Представление документа в формате MARC21

Поле Инд. ПП Название Значение
Тип записи a
Библиографический уровень m
001 Контрольный номер ad190840b7b442de947d7a93ef28c690
005 Дата корректировки 20201208115811.9
020 a ISBN 978-5-6045272-0-7
040 a Служба первич. каталог. НБ ТвГУ
b Код языка каталог. rus
e Правила каталог. PSBO
041 0_ a Код языка текста rus
080 a Индекс УДК 004.056
084 a Индекс другой классификации/Индекс ББК З972.53
090 a Полочн. индекс З972.5
x Авторский знак П 30
097 b Оператор Semenova.ZR
100 1_ a Автор Петренко Сергей Анатольевич
e Роль лиц Автор
245 10 a Заглавие Киберустойчивость индустрии 4.0
b Продолж. заглавия научная монография
c Ответственность С. А. Петренко ; Министерство науки и высшего образования Российской Федерации, Московский физико-технический институт (национальный исследовательский университет), Автономная некоммерческая организация высшего образования "Университет Иннополис"
246 15 a Другая форма заглавия Cyber resilience industry 4.0
260 c Дата издания 2020
a Место издания Санкт-Петербург
b Издательство Афина
300 a Объем 255 с.
500 a Примечание Парал. тит. л. англ.
504 a Библиография Библиогр.: с. 238-255
520 0_ a Аннотация Киберустойчивость (англ. Сyber Resilience) является важнейшим свойством любой киберсистемы, особенно в условиях перехода на шестой технологический уклад и сопутствующие технологии Индустрии 4.0: Artificial Intelligence (AI), Сloud and foggy computing, 5G+, IoT/IIoT, Big Data и ETL, Q-computing, Blockchain, VR/AR и пр. Можно даже считать его первичным, так как без него упомянутые системы как таковые не могут существовать. Действительно, без наличия устойчивого образования из связанных между собой компонентов критически важной информационной инфраструктуры не имеет смысла говорить о существовании киберсистем Индустрии 4.0. И если обеспечение кибербезопасности названных систем, в основном, ориентировано на оценку вероятности возникновения инцидентов и предотвращение возможных угроз безопасности, то обеспечение киберустойчивости в большей степени направлено на сохранение целевого поведения и работоспособности киберсистем в условиях как известных (примерно 45 %), так и ранее не известных кибератак (оставшиеся 55 %).
536 a Финансирование Издание осуществлено при финансовой поддержке Российского фонда фундаментальных исследований по проекту № 20-17-00005
653 0_ a Ключевые слова Цифровая экономика
a Ключевые слова Автоматическая обработка информации
a Ключевые слова Информационные системы и сети
a Ключевые слова Информационная безопасность
a Ключевые слова Киберустойчивость
a Ключевые слова Управляемость
a Ключевые слова Проактивная кибербезопасность
a Ключевые слова Искусственный интеллект
a Ключевые слова Робототехника
a Ключевые слова Модели и методы искусственного интеллекта
700 12 a Другие авторы Ломако Александр Григорьевич
e Роль лиц Рецензент
700 12 a Другие авторы Марков Алексей Сергеевич
e Роль лиц Рецензент
710 12 a Организация/ юрисдикция Московский физико-технический институт (национальный исследовательский университет)
710 12 a Организация/ юрисдикция Университет Иннополис
901 t Тип документа m
920 a Оператор Семен
a Оператор Суха
a Оператор Стро
930 a Новая/Ретро новая
952 c Вид литературы К рн
954 b Дата поступления в ОК 20201204
a Дата поступления на обработку 20201207
c Дата окончания ОНО 20201208